00704nam a2200169 i 450000100060000000300090000600500170001500700030003200800410003510000350007624501350011126000740024630000430032085200320036399900170039595201220041229203ES-MaACL20230906154005.0t|030121s1972 sp ||||1| spa d1 aBallarin Cornel, Angel.92497510aCivilización pirenaica b: vestigios ancestrales, toponimia, leyendas, refranes, adivinanzas y dichos / cAngel Ballarin Cornel. a[S.l. : bs.n., c1972] (eZaragoza : fTall. Gráf. "La Editorial") a187 p., 7 lám. : b4 map. ; c22 cm. aES-MaACLjC-45638 bR.81315 c29203d29203 00104070aATENEOMbATENEOMcDEPO2d2008-01-17eSCl0oC-45638p1030148r2023-02-23 00:00:00w2023-02-23yMONOGRAFIA